书目信息 |
| 题名: |
电子发明
|
|
| 作者: | 达墨 , Dummmer 编 ;李超云 , 郑文浩 , 冯义廉 编译 | |
| 分册: | ||
| 出版信息: | 北京 科学出版社 1985 |
|
| 页数: | 217页 | |
| 开本: | 19cm | |
| 丛书名: | ||
| 单 册: | ||
| 中图分类: | TN-09 , TN-49 | |
| 科图分类: | ||
| 主题词: | 电子技术-创造发明--史料 , 创造发明-电子技术--史料 , 无线电电子学 , 通信技术 | |
| 电子资源: | ||
| ISBN: | ||
| 000 | 00935nam0 2200337 45 | |
| 001 | 0185020712 | |
| 005 | 20040706164048.7 | |
| 010 | @dCNY1.30 | |
| 091 | @a15031.655 | |
| 100 | @a19900921d1985 em y0chiy0121 ea | |
| 101 | 1 | @achi@ceng |
| 102 | @aCN@b110000 | |
| 105 | @ay z 001yy | |
| 106 | @ar | |
| 200 | 10 | @a电子发明@Adian zi fa ming@f(美)达墨(Dummmer,G.W.A.)编@g李超云等编译 |
| 210 | @a北京@c科学出版社@d1985 | |
| 215 | @a217页@d19cm | |
| 606 | @a电子技术-创造发明@x史料 | |
| 606 | @a创造发明-电子技术@x史料 | |
| 606 | 0 | @a无线电电子学 |
| 606 | 0 | @a通信技术 |
| 690 | @aTN-09@v3 | |
| 690 | @aTN-49@v3 | |
| 701 | 1 | @a达墨@Ada mo@bG.W.A.@4编 |
| 701 | A1 | @aDummmer@bG.W.A.@4编 |
| 702 | 0 | @a李超云@Ali chao yun@4编译 |
| 702 | 0 | @a郑文浩@Azheng wen hao@4编译 |
| 702 | 0 | @a冯义廉@Afeng yi lian@4编译 |
| 801 | 0 | @aCN@b深圳图书馆@c20040520 |
| 801 | 2 | @aCN@bNLC@c20040520 |
| 905 | @dTN-49@e61@f1@b139432 | |
| 电子发明/(美)达墨(Dummmer,G.W.A.)编/李超云等编译.-北京:科学出版社,1985 |
| 217页;19cm |
| ISBN :CNY1.30 |
| ● |
| 相关链接 |
|
|
|
|
正题名:电子发明
索取号:TN-49/61
 
预约/预借
| 序号 | 登录号 | 条形码 | 馆藏地/架位号 | 状态 | 备注 |
| 1 | 0139432 | 001939326 | 第三借阅区/ [索取号:TN-49/61] | 在馆 | |
| 2 | 0139433 | 001347395 | 第三借阅区/ [索取号:TN-49/61] | 在馆 | |
| 3 | 0139434 | 001347661 | 第二样本阅览室/ [索取号:TN-49/61] | 在馆 |